Spell the Marvel Character #106 - Statistics

General Stats
  • This quiz has been taken 13 times
  • The average score is 8 of 9
Answer Stats
Picture Answer % Correct
Excalibur
100%
Firebird
100%
Iron Lad
100%
Reptil
100%
Spitfire
100%
Throg
100%
Phastos
89%
Stature
89%
Iso
33%
No matching quizzes found
Score Distribution
Percent of People with Each Score
Percentile by Number Answered
Your Score History
You have not taken this quiz